|
|
|
|
| LEADER |
00726nam a2200205 a 4500 |
| 001 |
c000093912 |
| 003 |
CARM |
| 005 |
00000000000000.0 |
| 008 |
940524s1955 enk 00011 eng d |
| 019 |
1 |
|
|a 10911153
|z 26075922
|5 LACONCORD2021
|
| 035 |
|
|
|a (OCoLC)3485299
|5 LACONCORD2021
|
| 040 |
|
|
|a VLINC
|c VLINC
|
| 100 |
1 |
|
|a Bawden, Nina,
|d 1925-
|
| 245 |
1 |
0 |
|a Change here for Babylon /
|c Nina Bawden.
|
| 260 |
|
|
|a London :
|b Collins,
|c 1955.
|
| 300 |
|
|
|a 191 p. ;
|c 20 cm.
|
| 852 |
8 |
|
|b CARM
|h A2:AO10G0
|i A01181
|p 0110737
|f BK
|
| 082 |
0 |
4 |
|a 823.914
|2 20
|
| 999 |
f |
f |
|i 6ccb5a25-11b9-56cf-86d5-54e073e1dcc5
|s ba569377-8d06-5832-a2ad-133d018e6d1f
|
| 952 |
f |
f |
|p Can circulate
|a CAVAL
|b CAVAL
|c CAVAL
|d CARM 1 Store
|e A01181
|f A2:AO10G0
|h Other scheme
|i book
|m 0110737
|